Newsletter /

Saved in:
Bibliographic Details
New Title:Newsletter (Environment Institute of Australia and New Zealand)
Corporate Author: Environment Institute of Australia
Format: Journal
Language:English
Published: [Nathan, Qld. : The Institute, 1987-2002].
Subjects:
LEADER 01905cas a2200421 a 4500
001 c000287849
003 CARM
005 20081021084900.0
008 870828d19872002qeabr p 0 a0eng d
019 1 |a 5458475  |5 LACONCORD2021 
022 |a 1030-1429 
035 |a (OCoLC)220368135  |5 LACONCORD2021 
040 |a ANB  |b eng  |c ANB  |d ANB  |d NSL 
042 |a anuc 
082 0 4 |a 363.705  |2 19 
130 0 |a Newsletter (Environment Institute of Australia) 
222 0 |a Newsletter - Environment Institute of Australia 
245 0 0 |a Newsletter /  |c The Environment Institute of Australia. 
260 |a [Nathan, Qld. :  |b The Institute,  |c 1987-2002]. 
300 |a v. :  |b ill. ;  |c 30 cm. 
310 |a Bimonthly,  |b <1999>-Aug./Sept. 2002 
321 |a Four-monthly,  |b 1987-June 1980 
321 |a Quarterly,  |b Sept. 1988-1999 
362 0 |a [No. 1 (Feb. 1987)]-no. 38 (Aug./Sept. 2002) 
500 |a Caption title. 
500 |a Available from The Secretary, Environment Institute of Australia, c/- Institute of Applied Environmental Research, Griffith University, Nathan, Qld. 4111. 
500 |a Description based on: No. 2 (June 1987). 
515 |a Began at No. 1 again in February 1996. 
610 2 0 |a Environment Institute of Australia  |v Periodicals. 
650 0 |a Environmental protection  |z Australia  |v Periodicals. 
650 0 |a Environmental protection  |v Periodicals. 
710 2 |a Environment Institute of Australia 
785 0 0 |t Newsletter (Environment Institute of Australia and New Zealand) 
852 8 |b CARM  |h A3:AR18F0  |i F05263  |p 0515794  |f SE 
866 0 |a 2(1987:06)-24(1993:10) Inc. 
866 0 |a 2(1987:06)-24(1993:10) Inc. 
999 f f |i bf504810-4f24-5fb3-a6f9-17f7eafd8485  |s 345c4d20-053c-5c10-bb1f-a1bf0ba2a6cd 
952 f f |p Can circulate  |a CAVAL  |b CAVAL  |c CAVAL  |d CARM 1 Store  |e F05263  |f A3:AR18F0  |h Other scheme  |i book  |k 2(1987:06),5(1988:06)-7(1988:12),9(1989:06),12(1990:03),15(1991:03),24(1993:10)  |m 0515794